[Event "Torredembarra op 23rd"]
[Site "Torredembarra"]
[Date "2023.07.06"]
[Round "6"]
[White "Alegre Bosch, Blai"]
[Black "Ventura Bolet, Maxim"]
[Result "1/2-1/2"]
[WhiteElo "1765"]
[BlackElo "2204"]
[PlyCount "81"]
[EventDate "2023.07.01"]
[EventType "swiss"]
[EventRounds "9"]
[EventCountry "ESP"]
[SourceTitle "CBM 215 Extra"]
[Source "ChessBase"]
[SourceDate "2023.09.30"]
[SourceVersion "1"]
[SourceVersionDate "2023.09.30"]
[SourceQuality "1"]

1. e4 c5 2. Be2 e6 3. f4 d5 4. d3 Nc6 5. Nf3 dxe4 6. dxe4 Qxd1+ 7. Bxd1 b6 8. Na3 Bb7 9. c3 Be7 10. Bd2 0-0-0 11. Nc4 Nf6 12. e5 Nd5 13. a4 f5 14. a5 h6 15. Kf2 b5 16. a6 bxc4 17. axb7+ Kxb7 18. Be2 Nb6 19. Be3 Rd7 20. Nd2 Nd4 21. Bxc4 Nxc4 22. Nxc4 Nc6 23. Na5+ Nxa5 24. Rxa5 Bd8 25. Rxc5 Bb6 26. Rb5 Kc6 27. Rb4 Rd2+ 28. Kf3 Bxe3 29. Kxe3 Rhd8 30. Rd4 R8xd4 31. cxd4 Rxb2 32. Rc1+ Kd7 33. Ra1 Rb3+ 34. Kd2 Rb2+ 35. Kd3 Rxg2 36. Rxa7+ Ke8 37. Ra8+ Kf7 38. Ra7+ Kf8 39. Ra8+ Kf7 40. Ra7+ Kf8 41. Ra8+ 1/2-1/2

[Event "La Pobla de Lillet op-B"]
[Site "La Pobla de Lillet"]
[Date "2022.08.05"]
[Round "4"]
[White "Pla Carulla, Joaquim"]
[Black "Alegre Bosch, Blai"]
[Result "1/2-1/2"]
[WhiteElo "1686"]
[BlackElo "1619"]
[PlyCount "43"]
[EventDate "2022.08.02"]
[EventType "swiss"]
[EventRounds "9"]
[EventCountry "ESP"]
[SourceTitle "CBM 209 Extra"]
[Source "ChessBase"]
[SourceDate "2022.09.30"]
[SourceVersion "1"]
[SourceVersionDate "2022.09.30"]
[SourceQuality "1"]

1. d4 d6 2. Bf4 c5 3. dxc5 e5 4. Bg3 Qa5+ 5. Qd2 Qxc5 6. Qc3 Qc6 7. Qxc6+ Nxc6 8. Nc3 Be6 9. e4 Nf6 10. Bb5 a6 11. Bxc6+ bxc6 12. Nge2 Nh5 13. Bh4 Be7 14. Bxe7 Kxe7 15. 0-0 Rab8 16. b3 f5 17. Rac1 fxe4 18. Nxe4 Nf6 19. N2c3 Rb4 20. Rfe1 Bf5 21. Nd2 Be6 22. Nde4 1/2-1/2

[Event "La Pobla de Lillet op-B 30th"]
[Site "La Pobla de Lillet"]
[Date "2021.08.04"]
[Round "3"]
[White "Alegre Bosch, Blai"]
[Black "Ponsa Alcubierre, Marina"]
[Result "1/2-1/2"]
[WhiteElo "1332"]
[BlackElo "1569"]
[PlyCount "113"]
[EventDate "2021.08.02"]
[EventType "swiss"]
[EventRounds "9"]
[EventCountry "ESP"]
[SourceTitle "EXT 2022"]
[Source "ChessBase"]
[SourceDate "2021.10.06"]
[SourceVersion "1"]
[SourceVersionDate "2021.10.06"]
[SourceQuality "1"]

1. e4 c5 2. Nc3 Nc6 3. f4 e6 4. Bb5 Nge7 5. Nf3 a6 6. Bxc6 bxc6 7. d3 d5 8. 0-0 g6 9. Qe1 Bg7 10. Na4 c4 11. exd5 cxd3 12. dxe6 Bxe6 13. cxd3 Qxd3 14. Nc5 Bd4+ 15. Nxd4 Qxd4+ 16. Qf2 Qxf2+ 17. Kxf2 Bd5 18. Re1 Ra7 19. Bd2 0-0 20. Bc3 Nf5 21. Ne4 Bxe4 22. Rxe4 Nd6 23. Ree1 f5 24. Bb4 Ne4+ 25. Rxe4 fxe4 26. Bxf8 Kxf8 27. Ke3 Rb7 28. b3 Rd7 29. Rc1 Rd6 30. Kxe4 Rd2 31. Rxc6 Rxg2 32. Rxa6 Rxh2 33. Ra7 h5 34. Ke5 h4 35. Kf6 Ke8 36. Kxg6 h3 37. Kf5 Rg2 38. Rh7 Rxa2 39. Rxh3 Ra5+ 40. Kg6 Ra6+ 41. Kg5 Rb6 42. f5 Kf7 43. Rc3 Ke7 44. Rd3 Kf7 45. Re3 Kg7 46. f6+ Kf7 47. Re7+ Kf8 48. Kg6 Rxb3 49. Rf7+ Ke8 50. Ra7 Rg3+ 51. Kf5 Rf3+ 52. Ke5 Rf1 53. Ra8+ Kf7 54. Ra7+ Ke8 55. Re7+ Kf8 56. Ke6 Re1+ 57. Kd7 1/2-1/2